La política del consenso : una lectura crítica de el liberalismo político de John Rawls /

La presente investigación reconstruye los planteamientos del contractualismo de John Rawls y lo sitúa en el contexto de la cultura constitucional estadounidense. Según Rawls, la justicia puede ser entendida como una teoría radical de la distribución, misma que sólo puede existir sobre la base de un...

Volledige beschrijving

Bewaard in:
Bibliografische gegevens
Hoofdauteur: Rodríguez Zepeda, Jesús (autor)
Formaat: Boek
Taal:Spaans
Reeks:(Pensamiento Crítico/Pensamiento Utópico Argumentos de la Política) 132.
Onderwerpen:
Tags: Voeg label toe
Geen labels, Wees de eerste die dit record labelt!

MARC

LEADER 00000nam^a2200000^a^4500
001 000153494
005 20250521000000.0
009 20260310100319.569
020 |a 84-7658-647-7 
037 |a Acervo ITESO - Biblioteca 
041 |a ESP 
082 |a 320. 011  |b ROD 
100 |a Rodríguez Zepeda, Jesús  |e (autor) 
245 1 3 |a La política del consenso :  |b una lectura crítica de el liberalismo político de John Rawls /  |c J. Rodríguez Zepeda. 
264 |a Barcelona, España :  |b Anthropos :  |b UAM,  |c 1992  |a México : 
300 |a 251 p. 
336 |a texto  |b txt  |2 rdacontenido 
337 |a sin mediación  |b n  |2 rdamedio 
338 |a volumen  |b nc  |2 rdasoporte 
440 1 |a (Pensamiento Crítico/Pensamiento Utópico  |v 132.  |p Argumentos de la Política) 
520 |a La presente investigación reconstruye los planteamientos del contractualismo de John Rawls y lo sitúa en el contexto de la cultura constitucional estadounidense. Según Rawls, la justicia puede ser entendida como una teoría radical de la distribución, misma que sólo puede existir sobre la base de un acuerdo contractual entendido como un amplio conjunto de bienes primarios que incluye desde las libertades y derechos que otorga el estado de derecho, hasta oportunidades de riqueza y posiciones de poder. 
649 |a XX 
650 |a Politólogos Norteamericanos 
650 |a Filósofos Norteamericanos 
650 |a Consenso 
650 |a Justicia e Injusticia -  |x Teoría 
650 |a Liberalismo -  |x Teoría 
650 |a Ideología 
650 |a Filosofía del Siglo XX 
650 |a Filosofía Política 
650 |a Política -  |x Teoría 
650 |a Rawls, John -  |x Tema Principal 
910 |a Fondo General 
920 |a Impresos - Libros 
930 |a Colección General 
905 |a 101 
901 |a 0500081929  |b IT1  |c ACC  |u 20250521 
902 |a https://opac.biblio.iteso.mx/vufind/Record/000153494